Quick Pick: May Things Quiz Stats

 Plays Quiz Updated May 1, 2019

Score 0/10 Timer 00:45
1 Play Today
% Correct
May the force be with you
93.5%
Mayflower
92.2%
Cape May
91.8%
Brian May
91.1%
Mayday
90.8%
Devil-may-care
90%
Mae West
90%
Willie Mays
88.7%
Theresa May
85.9%
Stormy May Day
72.2%

Today's Daily Dose

Missing Word
Banned Books (A-Z)

Word Ladder
Janis Joplin

Get the Picture
Occupations

You're not logged in!

Compare scores with friends on all Sporcle quizzes.
OR
Log In

Sporcle TV

Today on Sporcle TV


Watch our educational content, quiz creation guides, and fun videos on Sporcle TV.

Show Comments

Extras

Top Quizzes Today


Score Distribution

Your Account Isn't Verified!

In order to create a playlist on Sporcle, you need to verify the email address you used during registration. Go to your Sporcle Settings to finish the process.

Report this User

Report this user for behavior that violates our Community Guidelines.

Details: